Reforma de los descalzos de nuestra señora del Carmen, de la Primitiva Observancia, hecha por santa Teresa de Jesus, en la antiquissima religion, fundada por el gran profeta Elias / por el Padre Fray Joseph de Santa Teresa, su historiador general

Detalles Bibliográficos
Autor principal: Joao Jose de Santa Teresa, hermano, n. 1658
Formato: Libro
Lenguaje:Spanish
Publicado: en Madrid : por Julian de Paredes, impressor de libros, 1684.
Materias:
Colección:Banco de datos
Acervo:Biblioteca Félix de Jesús Rougier de los Misioneros del Espíritu Santo. Fondo Antiguo
Descripción Física:4 t. ; f°
Tema general:Religiosos
Notas:Portada tipográfica con orla y escudo de los carmelitas en grabado xilográfico. Texto a dos columnas con apostillas marginales. Incluye cabecera de título en grabado xilográfico. Incluye capitular floreada en grabado xilográfico. Tomo con portada y numeración propias. Año del t. 4 publicado en 1684. Paginación: t. 4 [14] h., 925 p., [3] h. Encuadernación en pergamino. Marca de fuego: Convento de Toluca, Estado de México
LEADER 01388nam a22001930004500
035 |a 948 
041 0 |a spa 
100 1 |a Joao Jose de Santa Teresa, hermano, n. 1658 
245 1 0 |a Reforma de los descalzos de nuestra señora del Carmen, de la Primitiva Observancia, hecha por santa Teresa de Jesus, en la antiquissima religion, fundada por el gran profeta Elias / por el Padre Fray Joseph de Santa Teresa, su historiador general 
260 |a en Madrid : por Julian de Paredes, impressor de libros, 1684. 
300 |a 4 t. ; f° 
500 |a Portada tipográfica con orla y escudo de los carmelitas en grabado xilográfico. Texto a dos columnas con apostillas marginales. Incluye cabecera de título en grabado xilográfico. Incluye capitular floreada en grabado xilográfico. Tomo con portada y numeración propias. Año del t. 4 publicado en 1684. Paginación: t. 4 [14] h., 925 p., [3] h. Encuadernación en pergamino. Marca de fuego: Convento de Toluca, Estado de México  
504 |a Al principio de la obra está el índice de libros y capítulos y fe de erratas 
504 |a Al final de la obra está el índice de las cosa más notables 
650 1 0 |a Religiosos 
949 |a Biblioteca Félix de Jesús Rougier, Fondo Antiguo t. 4 (1623) 
942 |c ROUGIER 
943 |g Biblioteca Félix de Jesús Rougier de los Misioneros del Espíritu Santo. Fondo Antiguo 
999 |c 945967  |d 945967